1122 1496 1024 1942 1761 1326 1871 1084 1548 1511 1036 1102 1574 1277 1946 1017 1165 1553 1535 1958 1969 1898 1040 1015 1392 1553 1614 1572 1553 1111 1334 1566 1643 1690 1613 1474 1932 1422 1354 1561 1964 1174 1769 1765 1596 1821 1005 1430 1506 1826 1768 1702 1672 1671 1562 1773 1344 1102 1694 1436 1743 1220 1644 1396 1771 1270 1522 1237 1096 1221 1139 1182 1941 1597 1151 1925 1290 1643 1796 1084 1261 1104 1327 1979 1250 1081 1193 1873 1549 1769 1503 1596 1839 1727 1278 1200 1167 1323 1648 BCNSPRNW ULIB Ver.6.0+V

เปลี่ยนเป็นภาษาไทย

Change to English
 แสดงรายละเอียดบรรณานุกรม
  กลับหน้าหลัก

Brief Record : Get Marc (ISO 2709) : E-mail record : QR code < ปิดหน้าต่าง
LEADER : 00000nam 2200000uu 4500
001    13399110935
003     ULIB
008    110613s||||||||th 000 0 tha d
020    9749183320
050  4 AC158^bอ951ด 2004
100    แอนนิต้า กาเนรี่
245    เด็กๆรู้ไหมทำไมทะเลมีความเค็ม/ ^cผู้แต่ง แอนนิต้า กาเนรี่
260    กรุงเทพฯ : ^bโกรเลียร์ อินเตอร์เนชั่นแนล, ^c2004
300    32 หน้า : ^bภาพประกอบสี ; ^c28 ซม.
650  7 ความรู้รอบตัว
650  7 ทะเล
945    ^p350^l0^i029035
995    ทศพร
999 ^a ใช้งานได้ทุกระบบ
รายการนี้ยังไม่มีแท็ก
คุณยังไม่ได้ล็อกอิน คุณสามารถมีกิจกรรมร่วมกับเว็บไซต์ได้ แต่ต้องล็อกอินก่อน ::
  ล็อกอิน

รายการสื่อสารสนเทศ

ลำดับที่ ประเภท เลขเรียก/บาร์โค้ด สถานที่ สถานะ
- ไม่พบข้อมูล -

รายการใกล้เคียง
    ผู้แต่ง [แอนนิต้า กาเนรี่]

    หัวเรื่อง [ความรู้รอบตัว]
    หัวเรื่อง [ทะเล]

BibComment


ยังไม่เคยถูกคอมเมนท์

คอมเมนท์ทรัพยากรรายการนี้
  คอมเมนท์: เด็กๆรู้ไหมทำไมทะ..


 Copyright 2026. Bcnsprnw @Library